Hospital sites programme (Record no. 76412)
[ view plain ]
| 000 -LEADER | |
|---|---|
| fixed length control field | 01508cab a2200181 4500 |
| 001 - CONTROL NUMBER | |
| control field | ##L132359 |
| 008 - FIXED-LENGTH DATA ELEMENTS--GENERAL INFORMATION | |
| fixed length control field | 060131n2006 000 0 eng u |
| 035 ## - SYSTEM CONTROL NUMBER | |
| System control number | (Sirsi) u132359 |
| 041 0# - LANGUAGE CODE | |
| Language code of text/sound track or separate title | eng |
| 110 1# - MAIN ENTRY--CORPORATE NAME | |
| Corporate name or jurisdiction name as entry element | English Partnerships |
| 9 (RLIN) | 1764 |
| 245 00 - TITLE STATEMENT | |
| Title | Hospital sites programme |
| 260 ## - PUBLICATION, DISTRIBUTION, ETC. | |
| Place of publication, distribution, etc. | London |
| Name of publisher, distributor, etc. | English Partnerships |
| Date of publication, distribution, etc. | 2006 |
| 520 ## - SUMMARY, ETC. | |
| Summary, etc. | A large portfolio of former NHS hospital sites has been transferred to English Partnerships (EP) in a landmark deal between the DoH and the ODPM. The £320m transaction will provide 96 sites across England on 1 600 ha of land. EP will have a key role in determining the best future use of the sites in line with government sustainable communities policy. EP believes that it can deliver 14 000 new homes nationally, of which up to half will be affordable. The Hospitals Sites Programme (HSP) is expected to generate up to £1bn private sector investment by 2010 and is likely to make a significant contribution to the First-Time Buyers' Initiative. The HSP is also set to deliver up to 80 000 sq m of employment space and see more than 500 ha of brownfield land reclaimed and brought back into productive use. A brochure about the HSP can be downloaded free of charge from the EP website. |
| 590 ## - LOCAL NOTE (RLIN) | |
| Local note | IKA310106 |
| 690 ## - LOCAL SUBJECT ADDED ENTRY--TOPICAL TERM (OCLC, RLIN) | |
| Topical term or geographic name as entry element | PROPERTY-RESIDENTIAL PROPERTY-RESIDENTIAL PROPERTY DEVELOPMENT |
| 856 40 - ELECTRONIC LOCATION AND ACCESS | |
| Uniform Resource Identifier | <a href="https://www.englishpartnerships.co.uk/hospitalsites.htm">https://www.englishpartnerships.co.uk/hospitalsites.htm</a> |
| Public note | View the HSP announcement and brochure free of charge at www.englishpartnerships.co.uk... |
| 942 ## - ADDED ENTRY ELEMENTS (KOHA) | |
| Suppress in OPAC | 0 |
| Withdrawn status | Lost status | Source of classification or shelving scheme | Damaged status | Not for loan | Home library | Current library | Shelving location | Date acquired | Total Checkouts | Full call number | Barcode | Date last seen | Copy number | Price effective from | Koha item type |
|---|---|---|---|---|---|---|---|---|---|---|---|---|---|---|---|
| Dewey Decimal Classification | Virtual | Virtual | Online | 31/01/2006 | ONLINE PUBLICATION | 132359-2001 | 06/08/2019 | 1 | 06/08/2019 | Book |